La Oficina de intereses municipales : labor asistencialista de la Diputación en favor de los municipios / labor asistencialista de la Diputación en favor de los municipios /
Descripción Física:
Il·lustracions
Colección:
San Jorge,
; núm. 1 (gener 1951), pàg. 11-12
Idioma:
Español
MARC
| LEADER | 00000naa a2200000 a 4500 | ||
|---|---|---|---|
| 008 | 160829s1951 spcaxx spa c | ||
| 040 | |a agdb | ||
| 100 | |a Foix Quer, Manuel |9 29472 | ||
| 245 | 1 | 3 | |a La Oficina de intereses municipales : |b labor asistencialista de la Diputación en favor de los municipios / |c Manuel Foix Quer |
| 300 | |b Il·lustracions | ||
| 490 | |a San Jorge, |v núm. 1 (gener 1951), pàg. 11-12 | ||
| 610 | 1 | 0 | |a Barcelona (Catalunya : Província). |b Oficina de Intereses Municipales |9 54525 |
| 773 | |t San Jorge. |g Núm. 1 (gener 1951), pàg. 11-12 | ||
| 901 | |a Arxiu | ||
| 942 | |n 1 |2 udc |c ART | ||
| 952 | |0 0 |1 0 |4 0 |7 1 |9 64509 |a Arxiu |b Arxiu |d 2022-11-30 |o Rev-508 |r 2022-11-30 00:00:00 |w 2022-11-30 |y ARXIU |z També disponible a Rev-521 | ||
| 999 | |c 47951 |d 47951 | ||